| 000 | 00748nas a2200253 4500 | ||
|---|---|---|---|
| 001 | BR2012003459 | ||
| 003 | BR-BrBNA | ||
| 005 | 20231205120542.0 | ||
| 007 | ta | ||
| 008 | 230509b bl.|||p| |||| 00| 00por d | ||
| 040 |
_aBR-BrBNA _bpor _cBiblioteca Nacional de Agricultura |
||
| 041 | _a(Pt) | ||
| 072 | _aM40 | ||
| 100 | 1 | _aEsteves, A.M. | |
| 100 | 1 | _aFonseca-Genevois, V. | |
| 245 | 1 | _aOs nematódeos e sua importância nos ecossistemas marinhos | |
| 650 | _aBIODIVERSIDADE | ||
| 650 | _aECOLOGIA AQUÁTICA | ||
| 650 | _aNEMATOIDE | ||
| 650 | _aECOSSISTEMA | ||
| 773 | 0 |
_tFloresta e Ambiente (Brazil) _xISSN 1415-0980 _g(2006), v. 13(2) p. 113-120 _wBR2012003459 |
|
| 909 |
_a202311 _bLúcia _c55 _dLúcia Elande |
||
| 942 |
_2AGRIS _n0 _cANA |
||
| 999 |
_c219086 _d219086 |
||